000 00322nam a22001097a 4500
008 160524b xxu||||| |||| 00| 0 eng d
020 _a020127970
041 _aeng
080 _a618.2
245 _aMaternal newborn nursing a familiy Centerd approach:
_cSally B. Olds; Marcia L. London; Patricia A. Ladewig;
942 _2udc
_cBK
999 _c2423
_d2423